Oligopolio (Registro nro. 6567)

Detalles MARC
000 -LEADER
fixed length control field 01293 a2200205 4500
001 - CONTROL NUMBER
control field 59014
005 - DATE AND TIME OF LATEST TRANSACTION
control field 20260407155845.0
008 - FIXED-LENGTH DATA ELEMENTS--GENERAL INFORMATION
fixed length control field 260407a1953 arg spa d
003 - CONTROL NUMBER IDENTIFIER
control field AR-UNSa-BCEJYS
040 ## - CATALOGING SOURCE
Original cataloging agency AR-UNSa-BCEJYS
Language of cataloging spa
Transcribing agency AR-UNSa-BCEJYS
080 ## - UNIVERSAL DECIMAL CLASSIFICATION NUMBER
Universal Decimal Classification number 338.516.24
Common auxiliary subdivision Precio de monopolio (oligopolio)
100 1# - MAIN ENTRY--PERSONAL NAME
Personal name Fellner, William
245 10 - TITLE STATEMENT
Title Oligopolio
264 #1 - PRODUCTION, PUBLICATION, DISTRIBUTION, MANUFACTURE, AND COPYRIGHT NOTICE
Place of production, publication, distribution, manufacture Buenos Aires :
Name of producer, publisher, distributor, manufacturer Fondo de Cultura Económica
Date of production, publication, distribution, manufacture, or copyright notice 1953
300 ## - PHYSICAL DESCRIPTION
Extent 300 p.
Dimensions 22 cm.
505 ## - FORMATTED CONTENTS NOTE
Formatted contents note 1. Competencia, cortedad de número y coordinación espontánea - 2. La teoría clásica del oligopolio y sus prolongaciones - 3. Los mapas de indiferencia de Stackelberg: extensión del análisis a otras estructuras de mercado - 4. La teoría pura: la ganancia conjunta máxima - 5. Límites de la maximización del problema de monopolio-oligopolio - 6. Otras limitaciones: el problema oligopólico concreto - 7. Presentación concisa de la maximización conjunta limitada - 8. Maximización conjunta limitada en diversas estructuras de merado - 9. Monopolio bilateral en el mercado de productos - 10. El elemento de monopolio bilateral en las relaciones obrero patronales - 11. Problemas de apreciación y política
590 ## - LOCAL NOTE (RLIN)
Local note niveau_biblio:m niveau_hierar:0
700 1# - ADDED ENTRY--PERSONAL NAME
Personal name Beautell, Cristóbal Lara
942 ## - ADDED ENTRY ELEMENTS (KOHA)
Koha item type
Existencias
Withdrawn status Lost status Damaged status Not for loan Home library Current library Shelving location Date acquired Total checkouts Full call number Barcode Date last seen Price effective from Koha item type
        Biblioteca Prof. Eusebio Cleto del Rey Biblioteca Prof. Eusebio Cleto del Rey   07/04/2026   338.516.24 F317 L20256 07/04/2026 07/04/2026 Libro